| 000 | 00522nam a22001577a 4500 | ||
|---|---|---|---|
| 008 | 230628b |||||||| |||| 00| 0 eng d | ||
| 040 |
_aNational Science Library _cNational Science Library |
||
| 080 |
_a929:53 _bN9 |
||
| 100 | _aSharma, Vishvmishra | ||
| 245 |
_aभारत के महान वैज्ञानिक: _b सत्येन बोस |
||
| 246 |
_aBhart ke mahan vigyanik _bSatyen Bose |
||
| 260 |
_aDelhi: _bShiksha Bharti, _c1999 |
||
| 300 | _a56p. | ||
| 650 | _aScience | ||
| 942 |
_2udc _cHBK |
||
| 999 |
_c48295 _d48295 |
||